Horizonte revista do Núcleo de Estudos em Teologia, PUC-MINAS.
| Autor Corporativo: | |
|---|---|
| Formato: | Electrónico Revista |
| Lenguaje: | portugués español |
| Publicado: |
Belo Horizonte, Minas Gerais, Brasil :
Núcleo de Estudos em Teologia, PUC Minas,
1997-
|
| Materias: | |
| Acceso en línea: | Full text available from Research Library: 06/01/2009 to present Full text available from PRISMA Database with HAPI Index: 06/01/2009 to 01/31/2017 |
MARC
| LEADER | 00000nas a2200000 i 4500 | ||
|---|---|---|---|
| 001 | ssj0000392674 | ||
| 003 | WaSeSS | ||
| 005 | 20200512172242.0 | ||
| 006 | m d | ||
| 007 | cr n | ||
| 008 | 050711c19979999bl fr p s 0 0por c | ||
| 010 | |a 2017240364 | ||
| 022 | |a 2175-5841 |l 1679-9615 |y 1679-9615 | ||
| 035 | |a (WaSeSS)ssj0000392674 | ||
| 040 | |a FIE |b eng |e pn |c FIE |d OCLCO |d OCLCQ |d OCLCO |d OCLCF |d OCLCO |d OCLCQ |d FIE |d IXA |d OCL |d OCLCA |d WaSeSS | ||
| 041 | 0 | |a por |a spa |b eng | |
| 042 | |a pcc | ||
| 043 | |a s-bl--- | ||
| 130 | 0 | |a Horizonte (Belo Horizonte, Brazil) | |
| 245 | 1 | 0 | |a Horizonte |h [electronic resource] : |b revista do Núcleo de Estudos em Teologia, PUC-MINAS. |
| 246 | 1 | |a Revista Horizonte | |
| 246 | 1 | |a Revista do Núcleo de Estudos em Teologia, PUC-MINAS | |
| 246 | 1 | |a Revista de estudos de teologia e ciências da religião | |
| 246 | 1 | |a Revista de estudos de teologia e ciências da religião da Pontifícia Universidade Católica de Minas Gerais | |
| 260 | |a Belo Horizonte, Minas Gerais, Brasil : |b Núcleo de Estudos em Teologia, PUC Minas, |c 1997- | ||
| 310 | |a Semiannual | ||
| 362 | 1 | |a Began wih Vol. 1, no. 1 (1o. semestre 1997). | |
| 500 | |a Issues for 2009- have also thematic titles. | ||
| 506 | |a License restrictions may limit access. | ||
| 546 | |a In Portuguese, some Spanish; abstracts in English and in the language of the text.. | ||
| 588 | |a Description based on: Vol. 1, no. 1 (1o. semestre 1997); title from PDF cover (publisher's website, viewed Dec. 20, 2017). | ||
| 588 | |a Latest issue consulted: V.15, n. 47 (July/Sept. 2017) (viewed Dec. 20, 2017). | ||
| 650 | 0 | |a Christianity |v Periodicals. | |
| 650 | 0 | |a Christianity |z Brazil |v Periodicals. | |
| 650 | 0 | |a Theology |v Periodicals. | |
| 650 | 0 | |a Theology |z Brazil |v Periodicals. | |
| 650 | 0 | |a Religion |v Periodicals. | |
| 650 | 7 | |a Religion. |2 fast |0 (OCoLC)fst01093763 | |
| 650 | 7 | |a Christianity. |2 fast |0 (OCoLC)fst00859599 | |
| 650 | 7 | |a Theology. |2 fast |0 (OCoLC)fst01149559 | |
| 651 | 7 | |a Brazil. |2 fast |0 (OCoLC)fst01206830 | |
| 655 | 0 | |a Electronic journals. | |
| 710 | 2 | |a Pontifícia Universidade Católica de Minas Gerais. |b Núcleo de Estudos em Teologia. | |
| 776 | 0 | 8 | |a Print version: |t Horizonte (Belo Horizonte, Brazil) |x 1679-9615 |w (DLC) 2005240490 |w (OCoLC)60844183 |
| 856 | 4 | 0 | |z Full text available from Research Library: 06/01/2009 to present |u https://search.proquest.com/publication/1206337 |
| 856 | 4 | 0 | |z Full text available from PRISMA Database with HAPI Index: 06/01/2009 to 01/31/2017 |u https://search.proquest.com/publication/2026650 |